Animal Adjective Match Quiz Stats

Quiz Updated Sep 29, 2012

Also try: Sporcle Crossing!
Challenge
Share
Tweet
Embed
Score 0/30 Timer 06:00
2 Plays Today
% Correct
Canine
92.7%
Feline
91.8%
Arachnoid
91.3%
Elephantine
90.1%
Zebrine
88.8%
Serpentine
88.3%
Bovine
87.3%
Equine
86.9%
Crustacean
82%
Leonine
79.2%
Piscine
74.1%
Porcine
69.7%
Ursine
69.1%
Lupine
67.4%
Taurine
63.5%
% Correct
Simian
60.1%
Asinine
58.5%
Vermiform
57%
Vulpine
56.4%
Apian
50.5%
Cygnine
50.3%
Cetacean
39.7%
Caprine
39.3%
Hippocampine
36.5%
Musteline
32.5%
Murine
32%
Leporine
29.8%
Saurian
26.5%
Batrachian
20.5%
Pteropine
16.1%

You're not logged in!

Compare scores with friends on all Sporcle quizzes.
Join for Free
OR
Log In

You Might Also Like...

Show Comments

Extras

Top Quizzes Today


Score Distribution

Your Account Isn't Verified!

In order to create a playlist on Sporcle, you need to verify the email address you used during registration. Go to your Sporcle Settings to finish the process.

Report this User

Report this user for behavior that violates our Community Guidelines.

Details: